000 nam a22 7a 4500
999 _c147725
_d147723
005 20190315082552.0
008 190315b mx ||||| |||| 00| 0 spa d
020 _a9706284397
050 0 4 _aBL2765.M6
_bL35 2000
245 0 0 _aLaicidad y valores en un Estado democrático /
250 _a1a edición
260 _aMéxico, D.F. :
_bSecretaria de Gobernacion,
_c2000
300 _a159 p. ;
_c21 cm.
500 _aCoedición con: Subsecretaria de Asuntos Religiosos : El Colegio de México
650 4 _aLaicismo
_xMéxico -- Discursos, ensayos, conferencias
650 4 _aValores sociales
_xMéxico
650 4 _aIglesia y Estado
_xMéxico
942 _2lcc
_cLIB